Music Quiz

Random Music or Clickable Quiz

Work and Play in Beatles Songs Quiz Stats

Quiz Updated Jan 17, 2015

Challenge
Share
Tweet
Embed
Score 0/24 Timer 08:00
30 Plays Today
% Correct
dog
98%
love
96.1%
music
94.9%
band
94.3%
day
92.8%
friends
92.4%
game
91.7%
baby
90.7%
shop
90.3%
night
89.9%
stands
89.9%
town
89.9%
% Correct
no one
89.7%
toys
89.6%
hands
89.1%
clubs
88.8%
wine
88.3%
socks
88%
health
87.9%
world
86.7%
someone
84.2%
girl
83%
poppies
76.5%
peanuts
74.1%

You're not logged in!

Compare scores with friends on all Sporcle quizzes.
Join for Free
OR
Log In

You Might Also Like...

Show Comments

Extras

Top Quizzes Today


Score Distribution

Your Account Isn't Verified!

In order to create a playlist on Sporcle, you need to verify the email address you used during registration. Go to your Sporcle Settings to finish the process.

Report this User

Report this user for behavior that violates our Community Guidelines.

Details: